=LDR 00000nam 2200000 4500 =001 INLIS000000000021993 =005 20130612120809 =008 ***********************************Ind** =035 ##$$0010-061300000021993 =041 ##$$a Ind =082 ##$$a 2x9 =090 ##$$a 2x9, Sat k =100 ##$$a Satori, Saefullah Muhammad =245 ##$$a Kisah-kisah cinta dari dunia islam, Saefullah Muhammad Satori =260 ##$$a 2005 $b Jakarta =300 ##$$a 375 hlm, 21 cm =650 ##$$a Sejarah islam =850 ##$$a NBPNMAT